000
00266pab a2200109 454500
008
180718b xxu||||| |||| 00| 0 eng d
100
_a
Bharat, husan
245
_a
Need for smaller states
650
_a
Federal State Relations
773
_a
Indian Express
909
_a
22610
999
_c
22610
_d
22610